Riconosci il Pokémon - Quiz n°592 - Statistics

Statistiche generali
  • Questo quiz è stato fatto 1 volte
  • Il punteggio medio è 10 su 10
Statistiche sulle risposte
Indizio Riposta % Corretto
Altezza 0,6 m
100%
Sesso 25% ♂, 75% ♀
100%
Peso 3,4 kg
100%
Tasso di cattura 45 (11.9%)
100%
Tipo Fuoco / Volante (Stile Flamenco); Elettro / Volante (Stile Cheerdance); Psico / Volante (Stile Hula); Spettro / Volante (Stile Buyō)
100%
Tasso di allevamento Medio-Veloce
100%
Stadio evoluzione Non si evolce
100%
Pokémon Oricorio
100%
Generazione Settima
100%
Abilità Sincrodanza
100%
Nessun quiz corrispondente trovato
Distribuzione punteggi
Percentuale di utenti per punteggio
Percentile per numero di risposta
I tuoi punteggi nel tempo
Non hai fatto questo quiz